000 00620nam a2200241Ia 4500
008 160819s9999 xx 000 0 und d
020 _a1-74045-370-0
050 _aCUL TX 715
050 _b.C36 2004
100 _aCanaider, Ben.
245 _aCooking under the influence :
245 _bfood to drink to /
245 _cBen Canaider, Greg Duncan Powell.
260 _aAustralia :
260 _bMurdoch Books,
260 _c2004
300 _a255 pages :
300 _bcolor illustrations ;
300 _c26 cm.
500 _aIncludes index.
650 _aCookery.
650 _xWines and wine making.
999 _c300658
_d300658